000 00594nam a2200229Ia 4500
003 OSt
005 20220923230744.0
006 a|||||r|||| 00| 0
007 ta
008 Pun
024 _a305,311
037 _cTextual
040 _aARTS
_cARTS
_bPun
041 _2Pun
_aPun
082 _aQ8441:33xI69, 153M5
100 _aਬਲਕਾਰ ਸਿੰਘ
245 0 _aਗੁਰੂ ਨਾਨਕ ਧਰਮ ਚਿੰਤਨ
260 _c1985
650 _aਧਰਮ
942 _hQ8441:33xI69, 153M5
_cTEXL
_2CC
999 _c387114
_d387114